000 00340nam a2200145Ia 4500
008 230312s9999||||xx |||||||||||||| ||und||
020 _a0-470-97405-6
082 _a307.76
_bMCG-U
100 _aMcGrath;Brian
245 0 _aUrban Design Ecologies
260 _bJohn
_alondon
_c2013
300 _a319
650 _aArchitecture
942 _cBK
999 _c12100
_d12100